Carbon stock in rice field of system rice of intensification in kagnchreach district prey veng province, បរិមាណកាបូនស្តុកទុកនៅក្នុងដីស្រែប្រព័ន្ធប្រពលវប្បកម្មដំណាំស្រូវក្នុងស្រុកកញ្ជៀច ខេត្តព្រៃវែង (Record no. 4277)
[ view plain ]
| 000 -LEADER | |
|---|---|
| fixed length control field | 00741nam a22001577a 4500 |
| 003 - CONTROL NUMBER IDENTIFIER | |
| control field | OSt |
| 005 - DATE AND TIME OF LATEST TRANSACTION | |
| control field | 20151209140154.0 |
| 008 - FIXED-LENGTH DATA ELEMENTS--GENERAL INFORMATION | |
| fixed length control field | 151209b xxu||||| |||| 00| 0 eng d |
| 040 ## - CATALOGING SOURCE | |
| Transcribing agency | RUA |
| 082 ## - DEWEY DECIMAL CLASSIFICATION NUMBER | |
| Classification number | ATM MOL 2009 B196 Or.1 |
| 100 ## - MAIN ENTRY--PERSONAL NAME | |
| 9 (RLIN) | 4588 |
| Personal name | MOL, POK. |
| 245 ## - TITLE STATEMENT | |
| Title | Carbon stock in rice field of system rice of intensification in kagnchreach district prey veng province, បរិមាណកាបូនស្តុកទុកនៅក្នុងដីស្រែប្រព័ន្ធប្រពលវប្បកម្មដំណាំស្រូវក្នុងស្រុកកញ្ជៀច ខេត្តព្រៃវែង |
| 260 ## - PUBLICATION, DISTRIBUTION, ETC. (IMPRINT) | |
| Place of publication, distribution, etc. | Phnom Penh |
| Name of publisher, distributor, etc. | RUA |
| Date of publication, distribution, etc. | 2009 |
| 300 ## - PHYSICAL DESCRIPTION | |
| Extent | xiii; 60p. |
| Other physical details | ill. |
| Dimensions | 29cm. |
| 942 ## - ADDED ENTRY ELEMENTS (KOHA) | |
| Source of classification or shelving scheme | |
| Koha item type | ATM |
| Price effective from | Date last seen | Permanent Location | Not for loan | Date acquired | Source of classification or shelving scheme | Koha item type | Barcode | Lost status | Damaged status | Shelving location | Withdrawn status | Current Location | Full call number |
|---|---|---|---|---|---|---|---|---|---|---|---|---|---|
| 2015-12-09 | 2015-12-09 | Library Block B | 2015-12-09 | ATM | RUA039295 | B196 | Library Block B | ATM MOL 2009 B196 Or.1 | |||||
| 2015-12-09 | 2015-12-09 | Library Block B | 2015-12-09 | ATM | RUA039227 | B196 | Library Block B | ATM MOL 2009 B196 Or.2 | |||||
| 2015-12-09 | 2015-12-09 | Library Block B | 2015-12-09 | ATM | RUA039236 | B196 | Library Block B | ATM MOL 2009 B196 Or.3 | |||||
| 2015-12-09 | 2015-12-09 | Library Block B | 2015-12-09 | ATM | RUA039047 | B196 | Library Block B | ATM MOL 2009 B196 Or.4 | |||||
| 2015-12-09 | 2015-12-09 | Library Block B | 2015-12-09 | ATM | RUA039118 | B196 | Library Block B | ATM MOL 2009 B196 Or.5 | |||||
| 2015-12-09 | 2015-12-09 | Library Block B | 2015-12-09 | ATM | RUA44865 | B196 | Library Block B | ATM MOL 2009 B196 Or.6 | |||||
| 2015-12-09 | 2015-12-09 | Library Block B | 2015-12-09 | ATM | RUA41093 | B196 | Library Block B | ATM MOL 2009 B196 Or.7 | |||||
| 2015-12-09 | 2015-12-09 | Library Block B | 2015-12-09 | ATM | RUA44603 | B196 | Library Block B | ATM MOL 2009 B196 Or.8 | |||||
| 2015-12-09 | 2015-12-09 | Library Block B | 2015-12-09 | ATM | RUA40973 | B196 | Library Block B | ATM MOL 2009 B196 Or.9 | |||||
| 2015-12-09 | 2015-12-09 | Library Block B | 2015-12-09 | ATM | RUA039178 | B196 | Library Block B | ATM MOL 2009 B196 Or.10 | |||||
| 2019-02-15 | 2019-02-15 | Library Block B | 2019-02-15 | ATM | A36172 | B1.218 | Library Block B | ATM MOL 2009 B1.218 Or.1 | |||||
| 2019-02-25 | 2019-02-25 | Library Block B | 2019-02-25 | ATM | A40108 | B1.218 | Library Block B | ATM MOL 2009 B1.218 Or.2 |